[Event "CZE-chT2C 1718"]
[Site "Czech Republic"]
[Date "2018.04.08"]
[Round "11.7"]
[White "Hruby, Milan"]
[Black "Fiala, Jan"]
[Result "1/2-1/2"]
[WhiteElo "2037"]
[BlackElo "2043"]
[PlyCount "41"]
[EventDate "2017.10.15"]
[EventType "team-tourn"]
[EventRounds "11"]
[EventCountry "CZE"]
[SourceTitle "EXT 2022"]
[Source "ChessBase"]
[SourceDate "2021.10.06"]
[SourceVersion "1"]
[SourceVersionDate "2021.10.06"]
[SourceQuality "1"]
[WhiteTeam "Tabor"]
[BlackTeam "Pisek"]
[WhiteTeamCountry "CZE"]
[BlackTeamCountry "CZE"]

1. e4 e5 2. Nf3 Nc6 3. d4 exd4 4. Nxd4 Nf6 5. Nxc6 bxc6 6. e5 Qe7 7. Qe2 Nd5 8. c4 Ba6 9. Nd2 g6 10. Qe4 Nb6 11. b3 Bg7 12. Bb2 0-0 13. 0-0-0 Rfe8 14. f4 Bb7 15. Bd3 d6 16. Rhe1 Nd7 17. Nf3 Nc5 18. Qe2 Nxd3+ 19. Qxd3 d5 20. Qc3 a5 21. Kb1 1/2-1/2

[Event "CZE-chT2C 1718"]
[Site "Czech Republic"]
[Date "2018.02.25"]
[Round "9.5"]
[White "Hejda, Antonin"]
[Black "Fiala, Jan"]
[Result "0-1"]
[WhiteElo "2104"]
[BlackElo "2043"]
[PlyCount "62"]
[EventDate "2017.10.15"]
[EventType "team-tourn"]
[EventRounds "11"]
[EventCountry "CZE"]
[SourceTitle "EXT 2022"]
[Source "ChessBase"]
[SourceDate "2021.10.06"]
[SourceVersion "1"]
[SourceVersionDate "2021.10.06"]
[SourceQuality "1"]
[WhiteTeam "Praha Eurovia"]
[BlackTeam "Pisek"]
[WhiteTeamCountry "CZE"]
[BlackTeamCountry "CZE"]

1. c4 c6 2. d4 d5 3. Nf3 Nf6 4. Nc3 e6 5. e3 Nbd7 6. Bd2 Bd6 7. cxd5 exd5 8. Bd3 0-0 9. Qc2 Re8 10. Ng5 h6 11. Nxf7 Kxf7 12. Bg6+ Kg8 13. Bxe8 Qxe8 14. 0-0-0 Ne4 15. Be1 Nxc3 16. Qxc3 Qg6 17. g3 Nb6 18. f3 Bh3 19. Rd2 h5 20. Rg1 Re8 21. g4 hxg4 22. fxg4 Qe4 23. Bg3 Bxg3 24. Rxg3 Nc4 25. Rd1 Bxg4 26. Rdg1 Bf5 27. Rxg7+ Kh8 28. Kd1 Nxe3+ 29. Ke1 Ng4+ 30. Kd2 Qf4+ 31. Kd1 Nf2# 0-1

[Event "CZE-chT2C 1617"]
[Site "Czech Republic"]
[Date "2017.03.19"]
[Round "10.5"]
[White "Fiala, Jan"]
[Black "Kolar, Pavel"]
[Result "1/2-1/2"]
[WhiteElo "2000"]
[BlackElo "2190"]
[PlyCount "57"]
[EventDate "2016.10.09"]
[EventType "team-tourn"]
[EventRounds "11"]
[EventCountry "CZE"]
[SourceTitle "EXT 2022"]
[Source "ChessBase"]
[SourceDate "2021.10.06"]
[SourceVersion "1"]
[SourceVersionDate "2021.10.06"]
[SourceQuality "1"]
[WhiteTeam "Pisek"]
[BlackTeam "Lysa nad Labem III"]
[WhiteTeamCountry "CZE"]
[BlackTeamCountry "CZE"]

1. e4 e6 2. Qe2 c5 3. g3 Nc6 4. Bg2 g6 5. c3 Bg7 6. f4 Nge7 7. Nf3 0-0 8. 0-0 e5 9. fxe5 Nxe5 10. Nxe5 Bxe5 11. d3 Nc6 12. Bh6 Bg7 13. Bxg7 Kxg7 14. Nd2 d6 15. Nc4 Be6 16. Ne3 Qe7 17. a3 Rad8 18. Rae1 Qc7 19. Qd2 Ne7 20. Nd5 Bxd5 21. exd5 Ng8 22. c4 Nh6 23. Bh3 f5 24. Qg5 Nf7 25. Re7 Rd7 26. Rfe1 Re8 27. Rxf7+ Kxf7 28. Rxe8 Kxe8 29. Bxf5 1/2-1/2

[Event "CZE-chT2C 1617"]
[Site "Czech Republic"]
[Date "2017.01.15"]
[Round "6.6"]
[White "Ruzicka, Ales"]
[Black "Fiala, Jan"]
[Result "1/2-1/2"]
[WhiteElo "2101"]
[BlackElo "2000"]
[PlyCount "112"]
[EventDate "2016.10.09"]
[EventType "team-tourn"]
[EventRounds "11"]
[EventCountry "CZE"]
[SourceTitle "EXT 2022"]
[Source "ChessBase"]
[SourceDate "2021.10.06"]
[SourceVersion "1"]
[SourceVersionDate "2021.10.06"]
[SourceQuality "1"]
[WhiteTeam "Tabor"]
[BlackTeam "Pisek"]
[WhiteTeamCountry "CZE"]
[BlackTeamCountry "CZE"]

1. e4 e5 2. Nf3 Nc6 3. Bb5 a6 4. Ba4 Nf6 5. 0-0 Be7 6. Re1 b5 7. Bb3 0-0 8. a4 Bb7 9. d3 d6 10. Nc3 Na5 11. Ba2 b4 12. Nd5 Nxd5 13. exd5 b3 14. Qd2 Bxd5 15. Qxa5 Bxf3 16. Bxb3 Bb7 17. Bd2 c5 18. Qxd8 Raxd8 19. f4 Bf6 20. Bc3 Rfe8 21. fxe5 Bxe5 22. Bxe5 dxe5 23. Bc4 Rd6 24. a5 Kf8 25. Ra3 Bd5 26. Bxd5 Rxd5 27. Rb3 Rd6 28. Rb6 Rxb6 29. axb6 Rb8 30. Rxe5 Rxb6 31. b3 Rc6 32. Kf2 f6 33. Rd5 Kf7 34. Ke3 g6 35. Kd2 Ke6 36. c4 h5 37. Kc3 h4 38. d4 cxd4+ 39. Rxd4 g5 40. b4 f5 41. c5 Ke5 42. Kc4 g4 43. Rd5+ Ke6 44. Rd8 Ke5 45. b5 axb5+ 46. Kxb5 Rc7 47. Kb6 Rf7 48. g3 hxg3 49. hxg3 f4 50. gxf4+ Kxf4 51. c6 g3 52. c7 Rxc7 53. Kxc7 g2 54. Rg8 Kf3 55. Kd6 Kf2 56. Rxg2+ Kxg2 1/2-1/2

[Event "CZE-chT2C 1516"]
[Site "Czech Republic"]
[Date "2015.12.06"]
[Round "4.8"]
[White "Dubansky, Bohuslav"]
[Black "Fiala, Jan"]
[Result "1-0"]
[WhiteElo "2230"]
[BlackElo "1996"]
[PlyCount "42"]
[EventDate "2015.10.18"]
[EventType "team-tourn"]
[EventRounds "11"]
[EventCountry "CZE"]
[SourceTitle "EXT 2022"]
[Source "ChessBase"]
[SourceDate "2021.10.06"]
[SourceVersion "1"]
[SourceVersionDate "2021.10.06"]
[SourceQuality "1"]
[WhiteTeam "Praha Bohemians"]
[BlackTeam "Pisek"]
[WhiteTeamCountry "CZE"]
[BlackTeamCountry "CZE"]

1. e4 e5 2. Nf3 Nc6 3. d4 exd4 4. Bc4 Nf6 5. 0-0 Nxe4 6. Re1 d5 7. Bxd5 Qxd5 8. Nc3 Qh5 9. Nxe4 Be6 10. Bg5 Bd6 11. Nxd6+ cxd6 12. Bf4 Qd5 13. c3 Kd7 14. Nxd4 Nxd4 15. cxd4 g5 16. Bd2 h5 17. Re3 Qxd4 18. Qe1 Qb6 19. Rd1 Rhf8 20. Ba5 Qa6 21. Qd2 b6 1-0

[Event "SVK-ch op"]
[Site "Banska Stiavnica"]
[Date "2013.07.06"]
[Round "1"]
[White "Korpa, Bence"]
[Black "Fiala, Jan"]
[Result "1-0"]
[WhiteElo "2308"]
[BlackElo "2055"]
[PlyCount "59"]
[EventDate "2013.07.06"]
[EventType "swiss"]
[EventRounds "9"]
[EventCountry "SVK"]
[SourceTitle "CBM 155 Extra"]
[Source "ChessBase"]
[SourceDate "2013.08.26"]
[SourceVersion "1"]
[SourceVersionDate "2013.08.26"]
[SourceQuality "1"]

1. e4 e5 2. Nf3 Nc6 3. Bb5 a6 4. Ba4 Nf6 5. 0-0 Be7 6. d3 b5 7. Bb3 d6 8. a4 b4 9. a5 0-0 10. Nbd2 Nb8 11. Nc4 Nbd7 12. c3 bxc3 13. bxc3 Rb8 14. Bc2 Bb7 15. Re1 Nc5 16. Ba3 Ne6 17. d4 exd4 18. Nxd4 Nxd4 19. cxd4 d5 20. e5 Nd7 21. Ne3 g6 22. Ng4 Bxa3 23. Rxa3 Qe7 24. Rae3 Rbe8 25. Ba4 c6 26. Nf6+ Nxf6 27. exf6 Qd8 28. Re7 Qc8 29. Qd2 Rxe7 30. Rxe7 1-0

[Event "CZE-chT2A 1112"]
[Site "Czech Republic"]
[Date "2011.11.20"]
[Round "3"]
[White "Sova, Zdenek"]
[Black "Fiala, Jan"]
[Result "1/2-1/2"]
[WhiteElo "1701"]
[BlackElo "2115"]
[PlyCount "162"]
[EventDate "2011.10.09"]
[EventType "team-tourn"]
[EventRounds "11"]
[EventCountry "CZE"]
[SourceTitle "EXT 2013"]
[Source "ChessBase"]
[SourceDate "2012.11.22"]
[SourceVersion "1"]
[SourceVersionDate "2012.11.22"]
[SourceQuality "1"]
[WhiteTeam "Tabor Sokol"]
[BlackTeam "Tabor Sokol"]
[WhiteTeamCountry "CZE"]
[BlackTeamCountry "CZE"]

1. Nf3 Nf6 2. d4 g6 3. c4 Bg7 4. Nc3 0-0 5. e4 d6 6. Be2 e5 7. dxe5 dxe5 8. Qxd8 Rxd8 9. Bg5 c6 10. 0-0 Re8 11. h3 Na6 12. Be3 Bf8 13. a3 Nc5 14. Bxc5 Bxc5 15. Rad1 Nh5 16. b4 Bf8 17. Rfe1 Nf4 18. Bf1 a5 19. c5 axb4 20. axb4 Ra3 21. Re3 b6 22. Nd5 cxd5 23. Rxa3 dxe4 24. Ng5 bxc5 25. bxc5 Bxc5 26. Ra8 e3 27. fxe3 Bxe3+ 28. Kh1 Nxg2 29. Bxg2 Bxg5 30. Rb1 Rd8 31. Bf3 Kg7 32. Re1 Bxh3 33. Rxd8 Bxd8 34. Rxe5 Be6 35. Kg2 h5 36. Rc5 h4 37. Kf1 g5 38. Rc6 Be7 39. Kf2 Kf6 40. Kg2 Kf5 41. Ra6 Ke5 42. Ra5+ Kf6 43. Ra6 Bd8 44. Bg4 Ke7 45. Ra7+ Kd6 46. Ra6+ Ke7 47. Ra7+ Kf8 48. Bxe6 fxe6 49. Kh3 Bf6 50. Kg4 Be7 51. Ra6 Kf7 52. Ra7 Kf6 53. Ra6 Bc5 54. Rc6 Be3 55. Ra6 Bf4 56. Rb6 Ke5 57. Rb5+ Kd4 58. Rb4+ Kc5 59. Ra4 e5 60. Kh3 Kd5 61. Kg4 e4 62. Ra5+ Kd4 63. Ra4+ Kd3 64. Ra3+ Kc2 65. Ra2+ Kb3 66. Ra6 Kc3 67. Rc6+ Kd2 68. Ra6 Ke2 69. Ra2+ Bd2 70. Ra4 Kd3 71. Ra3+ Kc2 72. Ra2+ Kc3 73. Ra3+ Kb2 74. Ra6 e3 75. Kf3 h3 76. Ke2 g4 77. Rh6 Bc3 78. Kxe3 Be5 79. Kf2 Kc3 80. Kg1 Kd3 81. Rxh3+ gxh3 1/2-1/2

[Event "CZE-chT2A 1112"]
[Site "Czech Republic"]
[Date "2011.11.06"]
[Round "2"]
[White "Fiala, Jan"]
[Black "Beter, Arnost"]
[Result "1-0"]
[WhiteElo "2115"]
[BlackElo "2025"]
[PlyCount "113"]
[EventDate "2011.10.09"]
[EventType "team-tourn"]
[EventRounds "11"]
[EventCountry "CZE"]
[SourceTitle "EXT 2013"]
[Source "ChessBase"]
[SourceDate "2012.11.22"]
[SourceVersion "1"]
[SourceVersionDate "2012.11.22"]
[SourceQuality "1"]
[WhiteTeam "Tabor Sokol"]
[BlackTeam "Cesky Krumlov"]
[WhiteTeamCountry "CZE"]
[BlackTeamCountry "CZE"]

1. e4 c6 2. d4 d5 3. e5 Bf5 4. Be3 e6 5. Nf3 Nd7 6. Be2 Qb6 7. Qc1 Ne7 8. 0-0 h6 9. Nbd2 Qc7 10. c4 dxc4 11. Qxc4 Nb6 12. Qb3 Bg6 13. Nh4 Bh7 14. Bd3 Bxd3 15. Qxd3 Rd8 16. Qe4 Qd7 17. Rac1 Ned5 18. Nc4 Nxc4 19. Rxc4 Nb6 20. Rc2 Nd5 21. a3 Ne7 22. f4 Nf5 23. Nxf5 exf5 24. Qf3 Qe6 25. Rfc1 Rd5 26. Qf2 h5 27. h3 h4 28. Kh1 Be7 29. Qf3 g6 30. b4 a6 31. Rb1 Kf8 32. a4 Kg7 33. b5 axb5 34. axb5 cxb5 35. Rc7 Rhd8 36. Rxb7 b4 37. Bd2 Rxd4 38. Bxb4 Bxb4 39. R1xb4 Rxb4 40. Rxb4 Rd7 41. Qc3 Kh7 42. Qe1 Qe7 43. Kh2 Kg7 44. Rb6 Rc7 45. Rf6 Qa3 46. Qxh4 Qa1 47. Rd6 Rc8 48. Qf6+ Kg8 49. Qg5 Qa3 50. Rxg6+ fxg6 51. Qxg6+ Kh8 52. Qf6+ Kg8 53. Qe6+ Kg7 54. Qxc8 Qd3 55. Qc7+ Kg8 56. e6 Qe4 57. Qe5 1-0

[Event "CZE-chT2A 1011"]
[Site "Czech Republic"]
[Date "2011.03.27"]
[Round "10"]
[White "Fiala, Jan"]
[Black "Tuzil, Vitezslav"]
[Result "1-0"]
[WhiteElo "2106"]
[BlackElo "2134"]
[PlyCount "107"]
[EventDate "2010.10.17"]
[EventType "team-tourn"]
[EventRounds "11"]
[EventCountry "CZE"]
[SourceTitle "EXT 2012"]
[Source "ChessBase"]
[SourceDate "2011.11.24"]
[SourceVersion "1"]
[SourceVersionDate "2011.11.24"]
[SourceQuality "1"]
[WhiteTeam "Tabor"]
[BlackTeam "Plzen Sokol"]
[WhiteTeamCountry "CZE"]
[BlackTeamCountry "CZE"]

1. e4 e6 2. d4 d5 3. Nd2 c5 4. Ngf3 c4 5. Be2 Nc6 6. c3 Nge7 7. b3 b5 8. a4 Qa5 9. Bb2 b4 10. cxb4 Qxb4 11. Ba3 Qa5 12. exd5 Nxd5 13. Bxc4 Bxa3 14. Rxa3 Ba6 15. 0-0 Rc8 16. Qe2 Ncb4 17. Bb5+ Bxb5 18. Qxb5+ Qxb5 19. axb5 Rc7 20. Ra5 Ke7 21. Rfa1 Rb8 22. Rxa7 Rxb5 23. g3 f6 24. Kf1 Kd7 25. h4 Nc6 26. Ra8 Nd8 27. Ke2 Rc3 28. Ne4 Rc6 29. Nc5+ Ke7 30. R1a7+ Rc7 31. Na6 Rcb7 32. Nc5 Rc7 33. Rxc7+ Nxc7 34. Ra7 Kd6 35. Nd2 e5 36. Nde4+ Kc6 37. Nc3 Rb8 38. Rxc7+ Kxc7 39. Na6+ Kb7 40. Nxb8 exd4 41. Nb5 Kxb8 42. Nxd4 Kc7 43. Kd3 Kb6 44. b4 Nf7 45. Ke4 Ne5 46. f4 Nf7 47. Kf5 Nd6+ 48. Ke6 Ne4 49. g4 Nf2 50. g5 fxg5 51. fxg5 Nd3 52. Kf7 g6 53. Kg7 Nf4 54. Kxh7 1-0